000 00957nam a2200217 i 4500
001 16089
003 ES-MaACL
005 20230906151236.0
007 t|
008 000622s2000 sp ||||1| spa d
020 _a84-95321-09-2
080 _a73.036(460)(064.3)
245 0 3 _aUn bosque en obras
_b: vanguardias en la escultura española en madera.
260 _aSegovia :
_bMuseo de Arte Contemporáneo Esteban Vicente ;
_aMadrid :
_bFundación Caja Madrid,
_c[2000]
300 _a251 p. :
_bil. ;
_c30 cm.
500 _aCatálogo de la exposción celebrada en Madrid, Sala de las Alhajas, 28 de marzo-14 de mayo de 2000 y en el Museo de Arte Contemporáneo Esteban Vicente, Segovia, 31 de mayo-17 de septiembre de 2000.
650 4 _aEscultura española-
_yS.XX-
_vExposiciones.
_912438
710 2 _aMuseo de Arte Contemporáneo Esteban Vicente.
_95837
710 2 _aFundación Especial Caja Madrid.
_94237
852 _aES-MaACL
_jL-23242
_bR.128411
999 _c16089
_d16089